000
00343 a2200157 4500
001
186643
020
_a
978-85-10-04867-5
040
_c
Magnum
100
_a
Ribeiro, Jonas
240
1
0
_a
Cada bicho em seu lugar
_l
por
245
1
0
_a
Cada bicho em seu lugar
300
_a
31
362
0
_a
2010
697
_a
LITERATURA INFANTO
942
_c
BK
999
_c
186643
_d
186643